En el estado

Guardado en:
Detalles Bibliográficos
Autor principal: Benet, Juan (Autor)
Formato: Libro
Lenguaje:español
Publicado: Madrid Alfaguara 1977
Colección:Literatura Alfaguara
Materias:
Etiquetas: Agregar Etiqueta
Sin Etiquetas, Sea el primero en etiquetar este registro!

MARC

LEADER 00000nam a2200000 a 4500
001 UCQ6104
003 CL-VaPUC
008 981009e19770000SP |||||||||||||||||spa|d
082 0 4 |a 863  |b BEN  |2 21 
100 0 |a Benet, Juan  |e author  |9 420050 
245 1 0 |a En el estado 
300 |a 205 p 
942 |c BK 
945 |d 19981009 00:00:00  |a lriquelm 
260 |a Madrid  |b Alfaguara  |c 1977 
650 0 |a Literatura española  |9 306261 
650 0 |a Novelas españolas  |9 265052 
583 |a last modification  |c 19981009 00:00:00  |k Rodrigo Vera 
490 0 |a Literatura Alfaguara 
999 |c 276107  |d 276105 
952 |0 0  |1 0  |4 0  |6 863_000000000000000_BEN_1977  |7 0  |8 A  |9 313238  |a FDOPOS  |b FDOPOS  |d 2019-11-20  |i 1478923  |o 863 BEN 1977  |p 1478923  |r 2025-01-22  |w 2019-11-20  |y BK  |k MLH